Normal view
MARC view
Entry Topical Term
001 - CONTROL NUMBER
- control field: 37812
003 - CONTROL NUMBER IDENTIFIER
- control field: OSt
005 - DATE AND TIME OF LATEST TRANSACTION
- control field: 20230421114538.0
008 - FIXED-LENGTH DATA ELEMENTS
- fixed length control field: 230421|| aca||aabn | a|a d
040 ## - CATALOGING SOURCE
- Original cataloging agency: OSt
- Transcribing agency: OSt
150 ## - HEADING--TOPICAL TERM
- Topical term or geographic name entry element: Akshoya e-Kendras, common services, Centers, e-governance, Success factors.
670 ## - SOURCE DATA FOUND
- Source citation: Work cat.: (OSt): Uthaman, Vijaya S. and Vasanthagopal, R. 37811, Key success factors for the e-governance initiatives through common service centres in India: An empirical study with special reference to Akshaya e-kendras in Kerala
